Visualizzazione normale
Vista MARC
- Becciu M., Colasanti A.R., Muscella I., Saba A., De Siena M., Messina E.,
di Personal Name
Records bibliografici associati: 1
001 - CONTROL NUMBER
- control field: 61652
003 - CONTROL NUMBER IDENTIFIER
- control field:
005 - DATE AND TIME OF LATEST TRANSACTION
- control field: 20250221152105.0
008 - FIXED-LENGTH DATA ELEMENTS
- fixed length control field: 250221|| aca||aabn | a|a d
040 ## - CATALOGING SOURCE
- Original cataloging agency:
- Transcribing agency:
100 ## - HEADING--PERSONAL NAME
- Personal name: Becciu M., Colasanti A.R., Muscella I., Saba A., De Siena M., Messina E.,
- Personal name: Belea M., Salomone R., Nardone E., Lo Presti A
670 ## - SOURCE DATA FOUND
- Source citation: Work cat.: ()210223: Becciu Mario, Colasanti Anna Rita (a cura di) 61651, In viaggio per... crescere., 2010